<?xml version="1.0" encoding="UTF-8"?>
<record
    xmlns:xsi="http://www.w3.org/2001/XMLSchema-instance"
    xsi:schemaLocation="http://www.loc.gov/MARC21/slim http://www.loc.gov/standards/marcxml/schema/MARC21slim.xsd"
    xmlns="http://www.loc.gov/MARC21/slim">

  <leader>00309nam a22001213i 4500</leader>
  <datafield tag="020" ind1=" " ind2=" ">
    <subfield code="a">9789996385230</subfield>
  </datafield>
  <datafield tag="040" ind1=" " ind2=" ">
    <subfield code="c">DLC</subfield>
  </datafield>
  <datafield tag="082" ind1=" " ind2=" ">
    <subfield code="a">TRI TRA 2016 C112 Or.</subfield>
  </datafield>
  <datafield tag="245" ind1="0" ind2="0">
    <subfield code="a">Saddanukram dharanividya nai camnat thnak ti sakal /</subfield>
  </datafield>
  <datafield tag="300" ind1=" " ind2=" ">
    <subfield code="a">498 pages</subfield>
  </datafield>
  <datafield tag="520" ind1=" " ind2=" ">
    <subfield code="a">Glossary of land classification.</subfield>
  </datafield>
  <datafield tag="942" ind1=" " ind2=" ">
    <subfield code="c">AEDBB</subfield>
  </datafield>
  <datafield tag="999" ind1=" " ind2=" ">
    <subfield code="c">21532</subfield>
    <subfield code="d">21532</subfield>
  </datafield>
  <datafield tag="952" ind1=" " ind2=" ">
    <subfield code="0">0</subfield>
    <subfield code="1">0</subfield>
    <subfield code="4">0</subfield>
    <subfield code="6">TRI_TRA_2016_000000000000000_C112_OR</subfield>
    <subfield code="7">0</subfield>
    <subfield code="9">93517</subfield>
    <subfield code="a">LBC</subfield>
    <subfield code="b">LBC</subfield>
    <subfield code="c">C112</subfield>
    <subfield code="d">2023-07-07</subfield>
    <subfield code="o">TRI TRA 2016 C112 Or.</subfield>
    <subfield code="p">a72595</subfield>
    <subfield code="r">2023-07-07</subfield>
    <subfield code="w">2023-07-07</subfield>
    <subfield code="y">AEDBB</subfield>
  </datafield>
</record>
